| 000 | 00000cas 2200000za 4500 |
| 001 | 9.851579 |
| 003 | CaOODSP |
| 005 | 20251208080825 |
| 007 | cr ||||||||||| |
| 008 | 180212c20149999oncqr p o f0###b0fre| |
| 040 | |aCaOODSP|bfre |
| 043 | |an-cn--- |
| 086 | 1 |aTG3-2F-PDF |
| 110 | 1 |aCanada.|bAdministration de Pilotage des Grands Lacs. |
| 245 | 10|aRapport financier du ... |h[ressource électronique] : |bpour la période close le ... |
| 260 | |a[Cornwall, Ont.] : |bAdministration de Pilotage des Grands Lacs, |c2014- |
| 310 | |aTrimestriel |
| 362 | 1 |aParaît depuis : premiere trimestre de 2014 (31 mars 2014). |
| 500 | |aPubl. aussi en anglais sous le titre : ... financial report. |
| 692 | 07|2gccst|aPilotage |
| 692 | 07|2gccst|aÉtats financiers |
| 775 | 08|t... financial report |w(CaOODSP)9.851577 |
| 780 | 00|tÉtats financiers non vérifiés |w(CaOODSP)9.851575 |